00525nam a22001697a 450000500170000001000130001702000240003003500110005403700130006508200100007810000280008824500560011624600420017226000470021427000720026130000220033320190806155838.0 aUR-10345 c250.00a818889141-X aU-8900 bDBAD/PUB a840.1 aايم اے قد ير  aز ا و يہء نگا ہ cايم اے قد ير  bZaviye Nighah (Urdu)aby M.A.Qadeer  aDelhibDarul Eshaat-e-Mustafai c2019 ء  a3191,Gali Vakil,Kucha Pandit Lal Kuan,bDelhi e110006k23216162l- a184 صc22 Cm(Hb)